Research in hospitality management

Bibliographic Details
Format: Electronic Journal
Language:English
Published: Grahamstown : NISC, 2011-
Subjects:
Online Access:Full text available from Research Library: 03/01/2018 to present

MARC

LEADER 00000nas a2200000 i 4500
001 ssj0002220329
003 WaSeSS
005 20200512172242.0
006 m d
007 cr n
008 150210c20119999sa fr p s 0 0eng
010 |a  2019204522 
015 |a GBB8A4876  |2 bnb 
016 7 |a 018886358  |2 Uk 
022 |a 2415-5152  |l 2224-3534 
035 |a (WaSeSS)ssj0002220329 
037 |a ISSN_22243534  |b Portico  |n Taylor & Francis 
040 |a NLGGC  |b eng  |e pn  |c NLGGC  |d OCLCQ  |d NLE  |d OCLCO  |d OCLCF  |d UKMGB  |d DLC  |d IUL  |d VT2  |d WaSeSS 
042 |a pcc 
050 0 0 |a TX911.3.M27 
082 0 4 |a 338.4791  |2 23 
210 0 |a Res. hosp. manag.  |b (Online) 
222 0 |a Research in hospitality management  |b (Online) 
245 0 0 |a Research in hospitality management  |h [electronic resource]. 
260 |a Grahamstown :  |b NISC,  |c 2011- 
310 |a Two issues per year 
506 |a License restrictions may limit access. 
588 |a Description based on: Vol. 1, no. 1 (2011); title from journal page (African Journals Online (AJOL), viewed November 14, 2019). 
588 |a Latest issue consulted: Volume 9, issue 1 (2019). 
650 0 |a Hospitality industry  |x Management  |v Periodicals. 
650 0 |a Hospitality industry  |x Research  |v Periodicals. 
650 7 |a Hospitality industry  |x Management.  |2 fast  |0 (OCoLC)fst00961147 
650 7 |a Hospitality industry  |x Research.  |2 fast  |0 (OCoLC)fst00961155 
655 0 |a Electronic journals. 
776 0 8 |i Print version:  |t Research in hospitality management  |x 2224-3534 
850 |a DLC 
856 4 0 |z Full text available from Research Library: 03/01/2018 to present  |u https://search.proquest.com/publication/3933304